[Event "10 Little Indians"]
[Site "SchemingMind.com"]
[Date "2005.11.17"]
[Round "-"]
[White "Ashmaster"]
[Black "toguints"]
[Result "0-1"]
[WhiteCountry "IRL"]
[BlackCountry "PHI"]
[WhiteElo "1400"]
[WhiteRD "63"]
[BlackElo "1514"]
[BlackRD "92"]
[GameID "30505"]

1. Nf3 d5 2. g3 Nf6 3. Bg2 Nc6 4. d4 e6 5. O-O Bd6 6. Nc3 O-O 7. Re1 Bb4 8. Bd2 Bd7 9. a3 Be7 10. e4 a5
11. e5 Ng4 12. Ne2 b5 13. Nf4 b4 14. axb4 Nxb4 15. Bxb4 Bxb4 16. c3 Be7 17. Nd2 Nh6 18. Qc2 g6 19. Nb3 Nf5 20. Bh3 Bg5
21. Rxa5 Bxf4 22. Rxa8 Qxa8 23. Bxf5 exf5 24. gxf4 f6 25. Nc5 Be8 26. e6 g5 27. Qxf5 Bg6 28. Qxd5 Qxd5
0-1

[Event "10 Little Indians"]
[Site "SchemingMind.com"]
[Date "2005.11.17"]
[Round "-"]
[White "toguints"]
[Black "Ashmaster"]
[Result "0-1"]
[WhiteCountry "PHI"]
[BlackCountry "IRL"]
[WhiteElo "1514"]
[WhiteRD "92"]
[BlackElo "1400"]
[BlackRD "63"]
[GameID "30506"]

1. Nf3 d5 2. g3 g6 3. Bg2 Bg7 4. Nc3 c5 5. d3 Nc6 6. e4 e6 7. Bg5 Nge7 8. exd5 exd5 9. O-O O-O 10. Nxd5 Qxd5
11. b3 Bxa1 12. Qxa1 Qd6 13. Bh6 Nd4 14. Bxf8 Kxf8 15. c3 Nxf3+ 16. Bxf3 Qxd3 17. Bg2 Rb8 18. c4 Qd4 19. Rd1 Qxa1 20. Rxa1 Bf5
21. a4 b6 22. f4 a5 23. h3 Nc8 24. g4 Bd7 25. Rd1 Ke7 26. Bd5 Be6 27. Re1 Nd6 28. f5 gxf5 29. Re5 fxg4 30. hxg4 Rg8
31. g5 h6 32. Kf2 Rxg5 33. Rxg5 hxg5 34. Kg3 Bxd5 35. cxd5 Kf6
0-1

[Event "10 Little Indians"]
[Site "SchemingMind.com"]
[Date "2005.11.17"]
[Round "-"]
[White "antje"]
[Black "Ashmaster"]
[Result "0-1"]
[WhiteCountry "GER"]
[BlackCountry "IRL"]
[WhiteElo "1222"]
[WhiteRD "73"]
[BlackElo "1445"]
[BlackRD "64"]
[GameID "30507"]

1. Nf3 d5 2. g3 Nf6 3. Bg2 g6 4. d3 Nc6 5. O-O Bg4 6. Nc3 Bg7 7. Bf4 O-O 8. Re1 e6 9. h3 Bxf3 10. Bxf3 Ne7
11. e4 dxe4 12. Bxe4 c6 13. Na4 Qd4 14. Nc3 Nxe4 15. Rxe4 Qd7 16. Qe2 Nd5 17. Nxd5 cxd5 18. Re3 Bxb2 19. Rb1 Bd4 20. Rf3 b6
21. Rb3 Rac8 22. Be5 Bxe5 23. Qxe5 Rxc2 24. a4 Qxa4 25. d4 Rd2 26. Ra3 Qxd4 27. Qxd4 Rxd4 28. Rxa7 Rb8 29. Rfxf7 b5 30. Rxh7 b4
31. Rhg7+ Kf8 32. Rxg6 Rc4 33. Rxe6 Rcc8 34. Rd6 b3 35. Ra1 b2 36. Rb1 Rc1+
0-1

[Event "10 Little Indians"]
[Site "SchemingMind.com"]
[Date "2005.11.17"]
[Round "-"]
[White "antje"]
[Black "toguints"]
[Result "0-1"]
[WhiteCountry "GER"]
[BlackCountry "PHI"]
[WhiteElo "1350"]
[WhiteRD "88"]
[BlackElo "1453"]
[BlackRD "80"]
[GameID "30508"]

1. Nf3 d5 2. g3 e6 3. Bg2 Nf6 4. Nc3 Nc6 5. O-O Bc5 6. d3 Ng4 7. e3 O-O 8. a3 e5 9. b4 Bd6 10. h3 Nf6
11. Ne2 e4 12. dxe4 dxe4 13. Nd2 b5 14. Nxe4 Bxh3 15. Bxh3 Nxe4 16. Bg2 Re8 17. Qd3 Qe7 18. Nf4 Qf6 19. Bxe4 Rad8 20. Bxh7+ Kf8
21. Nh5 Qxa1 22. Bd2 Qe5 23. Bc3 Qxh5 24. Be4 Bxg3 25. Qxd8 Qh2#
0-1

[Event "10 Little Indians"]
[Site "SchemingMind.com"]
[Date "2005.11.17"]
[Round "-"]
[White "Ashmaster"]
[Black "antje"]
[Result "1-0"]
[WhiteCountry "IRL"]
[BlackCountry "GER"]
[WhiteElo "1445"]
[WhiteRD "64"]
[BlackElo "1222"]
[BlackRD "73"]
[GameID "30509"]

1. Nf3 d5 2. g3 Nf6 3. Bg2 Nc6 4. d4 Bg4 5. O-O e6 6. Bg5 Be7 7. Nbd2 O-O 8. Re1 Nd7 9. Bxe7 Qxe7 10. e4 Nxd4
11. c3 Nxf3+ 12. Bxf3 Bxf3 13. Nxf3 Nf6 14. exd5 Nxd5 15. Qb3 Rad8 16. Qxb7 a5 17. Qb5 Ra8 18. Nd4 Rfb8 19. Qe2 c5 20. Nc6 Qb7
21. Nxb8 Rxb8 22. Rab1 Qc7 23. Qa6 Rb6 24. Qa8+ Rb8 25. Qa6 h6 26. Qe2 Rb6 27. Kg2 Qb7 28. Kg1 Nxc3 29. bxc3 Rxb1 30. Rxb1 Qxb1+
31. Kg2 Qb7+ 32. Qf3 Qb2 33. Qa8+ Kh7 34. Qxa5
1-0

[Event "10 Little Indians"]
[Site "SchemingMind.com"]
[Date "2005.11.17"]
[Round "-"]
[White "toguints"]
[Black "antje"]
[Result "1-0"]
[WhiteCountry "PHI"]
[BlackCountry "GER"]
[WhiteElo "1439"]
[WhiteRD "73"]
[BlackElo "1222"]
[BlackRD "73"]
[GameID "30510"]

1. Nf3 d5 2. g3 Nf6 3. Nc3 Bf5 4. Bg2 e6 5. d3 Bb4 6. Bd2 O-O 7. a3 Bxc3 8. Bxc3 Nc6 9. Ne5 Nxe5 10. Bxe5 Ng4
11. f4 Ne3 12. Qd2 Nxg2+ 13. Kf2 Nxf4 14. Qxf4 c6 15. g4 Bg6 16. h4 Qb6+ 17. e3 c5 18. h5 f6 19. Bd6 Bxd3 20. Bxf8 Rxf8
21. cxd3 Qxb2+ 22. Kf3 e5 23. Qa4 e4+ 24. dxe4 dxe4+ 25. Qxe4 Kf7 26. Qd5+ Ke8 27. Rab1 Qxa3 28. Rxb7 Qa6 29. Qd7#
1-0

[Event "10 Little Indians"]
[Site "SchemingMind.com"]
[Date "2005.11.22"]
[Round "-"]
[White "Alien"]
[Black "antje"]
[Result "1-0"]
[WhiteCountry "USA"]
[BlackCountry "GER"]
[WhiteElo "1107"]
[WhiteRD "90"]
[BlackElo "1222"]
[BlackRD "73"]
[GameID "30627"]

1. Nf3 d5 2. g3 Nf6 3. Bg2 Bg4 4. O-O e6 5. d3 Bc5 6. Nbd2 O-O 7. Qe1 Nc6 8. e4 dxe4 9. dxe4 Nd4 10. Nxd4 Bxd4
11. e5 Nd7 12. Nc4 b5 13. Bxa8 Qxa8 14. Ne3
1-0

[Event "10 Little Indians"]
[Site "SchemingMind.com"]
[Date "2005.11.18"]
[Round "-"]
[White "Alien"]
[Black "Ashmaster"]
[Result "0-1"]
[WhiteCountry "USA"]
[BlackCountry "IRL"]
[WhiteElo "1107"]
[WhiteRD "90"]
[BlackElo "1445"]
[BlackRD "64"]
[GameID "30628"]

1. Nf3 d5 2. g3 Nf6 3. Bg2 g6 4. O-O Bg4 5. d3 Bg7 6. Nbd2 Nc6 7. Qe1 e5 8. c3 O-O 9. e4 dxe4 10. dxe4 Qe7
11. b4 a6 12. a4 b5 13. c4 bxc4 14. Nxc4 Bxf3 15. Bxf3 Nxb4 16. Ba3 c5 17. Qc3 Rad8 18. Nxe5 Nd7 19. Rad1 Nxe5 20. Bg2 Nec6
21. Qc4 Rxd1 22. Rxd1 Rd8 23. Rxd8+ Qxd8 24. Bxb4 Nxb4 25. Qxc5 Qd1+ 26. Bf1 Qxa4 27. f4 Nc2 28. e5 Qd4+ 29. Qxd4 Nxd4 30. Bxa6 f6
0-1

[Event "10 Little Indians"]
[Site "SchemingMind.com"]
[Date "2005.11.19"]
[Round "-"]
[White "Alien"]
[Black "toguints"]
[Result "0-1"]
[WhiteCountry "USA"]
[BlackCountry "PHI"]
[WhiteElo "1107"]
[WhiteRD "90"]
[BlackElo "1439"]
[BlackRD "73"]
[GameID "30629"]

1. Nf3 d5 2. g3 Nf6 3. Bg2 e6 4. O-O Nc6 5. d3 Be7 6. Nbd2 O-O 7. c3 b6 8. e4 Ba6 9. c4 d4 10. a3 e5
11. b4 Bc8 12. b5 Na5 13. Nxe5 Nb7 14. Nc6 Qd6 15. Bb2 Na5 16. Nxd4 c5 17. N4f3 Qxd3 18. e5 Ne4 19. Nxe4 Qxc4 20. Nfg5 Bf5
21. Nd6 Qd3 22. Bxa8 Qxd1 23. Raxd1 Bg4 24. Bc6 Bxd1 25. Rxd1 Bxg5 26. f4 Be7 27. Be4 c4 28. Bd5 Kh8 29. Nxc4 Nxc4 30. Bc1 Bc5+
31. Kh1 Be3
0-1

[Event "10 Little Indians"]
[Site "SchemingMind.com"]
[Date "2005.11.18"]
[Round "-"]
[White "antje"]
[Black "Alien"]
[Result "0-1"]
[WhiteCountry "GER"]
[BlackCountry "USA"]
[WhiteElo "1222"]
[WhiteRD "73"]
[BlackElo "1107"]
[BlackRD "90"]
[GameID "30630"]

1. Nf3 d5 2. g3 c6 3. Bg2 Bg4 4. d4 e6 5. Nc3 Nf6 6. O-O Bd6 7. Re1 O-O 8. Bg5 b6 9. Qd2 c5 10. dxc5 bxc5
11. e3 a6 12. Na4 Nc6 13. Qc3 c4 14. Nd2 Qe8
0-1

[Event "10 Little Indians"]
[Site "SchemingMind.com"]
[Date "2005.11.18"]
[Round "-"]
[White "Ashmaster"]
[Black "Alien"]
[Result "1-0"]
[WhiteCountry "IRL"]
[BlackCountry "USA"]
[WhiteElo "1445"]
[WhiteRD "64"]
[BlackElo "1107"]
[BlackRD "90"]
[GameID "30631"]

1. Nf3 d5 2. g3 Nf6 3. Bg2 c6 4. O-O Bg4 5. e3 e6 6. d4 Bd6 7. Nc3 Nbd7 8. Bd2 O-O 9. Ne2 b6 10. Re1 c5
11. dxc5 bxc5 12. Nh4 Nb6 13. c3 Nc4 14. Qc2 Ne4 15. Bxe4 dxe4 16. Qxe4 Nxd2 17. Qxg4 Rb8 18. b3 Qf6 19. Red1 Nxb3 20. axb3 Rb7
21. Nf3 Bc7 22. b4 c4 23. Qxc4 Qxf3 24. Nd4 Rd8 25. Nxf3 Rc8 26. Rd2 h6 27. Qe4 Rbb8 28. Rad1 Re8 29. Rd7 Bb6 30. Qf4 f6
31. Qg4
1-0

[Event "10 Little Indians"]
[Site "SchemingMind.com"]
[Date "2005.11.18"]
[Round "-"]
[White "toguints"]
[Black "Alien"]
[Result "1-0"]
[WhiteCountry "PHI"]
[BlackCountry "USA"]
[WhiteElo "1439"]
[WhiteRD "73"]
[BlackElo "1107"]
[BlackRD "90"]
[GameID "30632"]

1. Nf3 d5 2. g3 Nf6 3. d4 Bg4 4. e3 e6 5. Be2 Nbd7 6. Ne5 Bxe2 7. Qxe2 Bd6 8. Nxd7 Qxd7 9. Nc3 O-O 10. Nb5 c6
11. Nxd6 Qxd6 12. b3 Ne4 13. f3 Nc3 14. Qf2 e5 15. a4 Qb4 16. Ba3 Ne4+ 17. Kf1 Nxf2 18. Bxb4 Nxh1 19. Bxf8 Nxg3+ 20. hxg3 Kxf8
21. dxe5 Re8 22. f4 h5 23. Ke2 f6 24. b4 fxe5 25. Kf3 exf4 26. gxf4 g6 27. Rc1 Re6 28. c4 dxc4 29. Rxc4 h4 30. Kg4 Rxe3
31. Kxh4 Kg7 32. b5 cxb5 33. axb5
1-0

[Event "10 Little Indians"]
[Site "SchemingMind.com"]
[Date "2005.11.22"]
[Round "-"]
[White "klesley"]
[Black "antje"]
[Result "1-0"]
[WhiteCountry "USA"]
[BlackCountry "GER"]
[WhiteElo "1731"]
[WhiteRD "98"]
[BlackElo "1222"]
[BlackRD "73"]
[GameID "30777"]

1. Nf3 d5 2. g3 Nc6 3. d4 Bg4 4. Bg2 e6 5. c4 Nf6 6. c5 b6 7. Qa4 Qd7 8. Ne5 Nxe5 9. Qxd7+ Nexd7 10. cxb6 cxb6
11. a3 Be7 12. h3 Bh5 13. g4 Bg6 14. Nc3 O-O 15. O-O Rac8 16. Bd2 a6 17. b4 b5 18. f4 Nb6 19. g5 Nfd7 20. h4 Nc4
21. Bc1 Ne3 22. Bxe3 Nb6 23. Rfc1 Nc4 24. Nd1 Nxe3 25. Nxe3 Rxc1+ 26. Rxc1 Rd8 27. Bf3 h6 28. Ng4 hxg5 29. hxg5 Ra8 30. Ne5 Bd6
31. Nxg6 fxg6 32. Rc6 Bxf4 33. Rxe6 Bxg5 34. Bxd5 Rd8 35. Re5+ Kh7 36. Rxg5 Kh6 37. Re5
1-0

[Event "10 Little Indians"]
[Site "SchemingMind.com"]
[Date "2005.11.19"]
[Round "-"]
[White "klesley"]
[Black "Ashmaster"]
[Result "1-0"]
[WhiteCountry "USA"]
[BlackCountry "IRL"]
[WhiteElo "1705"]
[WhiteRD "115"]
[BlackElo "1400"]
[BlackRD "63"]
[GameID "30778"]

1. Nf3 d5 2. g3 Nf6 3. d4 g6 4. Bg2 Bg7 5. Nc3 O-O 6. O-O Bg4 7. h3 Bxf3 8. Bxf3 Qc8 9. g4 Nc6 10. Bg5 Qd7
11. e3 e6 12. a3 Na5 13. b4 Nc4 14. a4 Qc6 15. Be2 Nd7 16. b5 Qd6 17. Bf4 e5 18. dxe5 Ncxe5 19. Qxd5 Qxd5 20. Nxd5 Rac8
21. Ne7+
1-0

[Event "10 Little Indians"]
[Site "SchemingMind.com"]
[Date "2005.11.19"]
[Round "-"]
[White "klesley"]
[Black "toguints"]
[Result "1-0"]
[WhiteCountry "USA"]
[BlackCountry "PHI"]
[WhiteElo "1705"]
[WhiteRD "115"]
[BlackElo "1514"]
[BlackRD "92"]
[GameID "30779"]

1. Nf3 d5 2. g3 Nf6 3. d4 e6 4. c4 Nc6 5. e3 Bb4+ 6. Bd2 Bxd2+ 7. Nbxd2 Ne4 8. cxd5 exd5 9. Bd3 Bg4 10. Nxe4 Nb4
11. Qa4+ Nc6 12. Ne5 Bd7 13. Nxd7 Qxd7 14. Nc5 Qc8 15. O-O-O O-O 16. Ba6 bxa6 17. Qxc6 Qf5 18. f4 g6 19. Kd2 Rab8 20. b3 Rb6
21. Qxc7 Rbb8 22. Rc1 Ra8 23. Nxa6 Qe6 24. Nc5 Qc8 25. Qxc8 Raxc8 26. a4 Rc7 27. b4 f5 28. Ne6 Rxc1 29. Rxc1 Re8 30. Nc7 Rd8
31. Rc5 Rb8 32. b5 Rd8 33. Rxd5 Rc8 34. Ne6 Re8 35. Rd8 Rxd8 36. Nxd8
1-0

[Event "10 Little Indians"]
[Site "SchemingMind.com"]
[Date "2005.11.19"]
[Round "-"]
[White "klesley"]
[Black "Alien"]
[Result "1-0"]
[WhiteCountry "USA"]
[BlackCountry "USA"]
[WhiteElo "1754"]
[WhiteRD "106"]
[BlackElo "1241"]
[BlackRD "163"]
[GameID "30780"]

1. Nf3 d5 2. g3 Nf6 3. Bg2 Nc6 4. d4 Bg4 5. Bg5 e6 6. O-O Bd6 7. Nbd2 O-O 8. h3 Bxf3 9. Bxf3 Nxd4 10. e4 Be5
11. exd5 Nxf3+ 12. Nxf3 Qxd5 13. Qxd5 Bxb2 14. Qxb7 Bxa1 15. Rxa1 Rab8 16. Qxa7 c6 17. Ne5 Nd5 18. Nd7 Ra8 19. Qc5 Rfe8 20. c4 Nc3
21. a3 f6 22. Bxf6 Ne4 23. Qe5 gxf6 24. Qxe4 Kf7 25. Qxh7#
1-0

[Event "10 Little Indians"]
[Site "SchemingMind.com"]
[Date "2005.11.19"]
[Round "-"]
[White "antje"]
[Black "klesley"]
[Result "0-1"]
[WhiteCountry "GER"]
[BlackCountry "USA"]
[WhiteElo "1222"]
[WhiteRD "73"]
[BlackElo "1731"]
[BlackRD "98"]
[GameID "30781"]

1. Nf3 d5 2. g3 c5 3. Bg2 Nc6 4. Nc3 Nf6 5. O-O g6 6. d3 Bg7 7. Bf4 O-O 8. e3 Nh5 9. Nd2 Bxc3 10. bxc3 Nxf4
11. exf4 Be6 12. c4 Rb8 13. Rb1 Na5 14. cxd5 Bxd5 15. Re1 Bxg2 16. Kxg2 Nc6 17. Ne4 Qd5 18. Qf3 Qxa2 19. Nxc5 Qxc2 20. Nd7 Nd4
21. Qe4 Rbd8 22. Nxf8 Nf5 23. Rbc1 Qxd3 24. Qxd3 Rxd3 25. Rc8 Kg7 26. g4 Nh4+ 27. Kf1 Rd4 28. f5 Rxg4 29. fxg6 hxg6 30. Rxe7 Nf3
31. Ne6+ Kf6 32. Rcc7 Nxh2+ 33. Ke2 fxe6 34. Rf7+ Ke5 35. Rc5+ Kd6 36. Rc3 Re4+ 37. Re3 Rxe3+ 38. Kxe3 Ng4+
0-1

[Event "10 Little Indians"]
[Site "SchemingMind.com"]
[Date "2005.11.19"]
[Round "-"]
[White "Ashmaster"]
[Black "klesley"]
[Result "0-1"]
[WhiteCountry "IRL"]
[BlackCountry "USA"]
[WhiteElo "1400"]
[WhiteRD "63"]
[BlackElo "1705"]
[BlackRD "115"]
[GameID "30782"]

1. Nf3 d5 2. g3 c5 3. Bg2 Nc6 4. O-O Nf6 5. d3 g6 6. Bg5 Bg7 7. Nbd2 Be6 8. c3 O-O 9. e4 dxe4 10. Nxe4 Nxe4
11. dxe4 h6 12. Bf4 g5 13. Be3 b6 14. Qxd8 Raxd8 15. Nd2 Ne5 16. Nb3 Bxb3 17. axb3 a5 18. Rfd1 Ng4 19. Rd5 Nxe3 20. fxe3 e6
21. Rxd8 Rxd8 22. Rf1 Rd2 23. Rf2 Rd3 24. Re2 b5 25. Kf2 b4 26. cxb4 cxb4 27. Rc2 Rxb3
0-1

[Event "10 Little Indians"]
[Site "SchemingMind.com"]
[Date "2005.11.19"]
[Round "-"]
[White "toguints"]
[Black "klesley"]
[Result "0-1"]
[WhiteCountry "PHI"]
[BlackCountry "USA"]
[WhiteElo "1453"]
[WhiteRD "80"]
[BlackElo "1754"]
[BlackRD "106"]
[GameID "30783"]

1. Nf3 d5 2. g3 c5 3. d3 Nc6 4. Nc3 d4 5. Ne4 e5 6. Bg2 Bf5 7. Nh4 Bxe4 8. Bxe4 Nge7 9. Bg5 f6 10. Bd2 g5
11. Nf5 Nxf5 12. Bxf5 Qd5 13. Be4 Qe6 14. c4 dxc3 15. Bxc3 f5 16. Bxc6+ Qxc6 17. O-O Bg7 18. a3 O-O 19. Qb3+ Kh8 20. f3 e4
21. dxe4 fxe4 22. fxe4 Qxe4 23. Bxg7+ Kxg7 24. Qc3+ Qd4+ 25. Qxd4+ cxd4 26. Rxf8 Rxf8 27. Rd1 Rd8 28. Kf2 Kf6 29. Kf3 h5 30. h3 Ke5
31. Rd3 Rf8+ 32. Kg2 b5 33. b4 Ke4 34. h4 g4 35. a4 a6 36. a5= Rc8 37. Kf2 Rc3 38. Rxc3 dxc3 39. Ke1 Ke3 40. Kd1 c2+
41. Kxc2 Kxe2
0-1

[Event "10 Little Indians"]
[Site "SchemingMind.com"]
[Date "2005.11.19"]
[Round "-"]
[White "Alien"]
[Black "klesley"]
[Result "0-1"]
[WhiteCountry "USA"]
[BlackCountry "USA"]
[WhiteElo "1107"]
[WhiteRD "90"]
[BlackElo "1731"]
[BlackRD "98"]
[GameID "30784"]

1. Nf3 d5 2. g3 c5 3. Bg2 Nc6 4. O-O e5 5. d3 Be6 6. Nbd2 Nf6 7. c3 d4 8. Qa4 Qd7 9. e3 dxc3 10. bxc3 a6
11. Ne4 Nxe4 12. Qxe4 Bf5 13. Qc4 Bxd3 14. Qa4 Bxf1 15. Nxe5 Nxe5 16. Qxd7+ Nxd7 17. Kxf1 Rb8 18. Bb2 Be7 19. c4 O-O 20. Rd1 Rfd8
21. a4 b5 22. cxb5 a5 23. Bc3 Nb6 24. Rxd8+ Rxd8 25. h4 Nxa4 26. Bxa5 Rd1+ 27. Ke2 Rb1 28. Bc6 Rb3 29. b6 Nxb6 30. f4 Nc4
31. Bc7 Nxe3 32. Kf3 Nd5+
0-1

[Event "10 Little Indians"]
[Site "SchemingMind.com"]
[Date "2005.11.27"]
[Round "-"]
[White "Andoni Zabala"]
[Black "antje"]
[Result "1-0"]
[WhiteCountry "INT"]
[BlackCountry "GER"]
[WhiteElo "1636"]
[WhiteRD "79"]
[BlackElo "1222"]
[BlackRD "73"]
[GameID "31254"]

1. Nf3 d5 2. g3 Nf6 3. Bg2 e6 4. O-O Nc6 5. d3 Bc5 6. Bf4 O-O 7. Nbd2 Bb6 8. c3 Re8 9. b4 a6 10. Ne5 Nxe5
11. Bxe5 Ng4 12. Bd4 Bxd4 13. cxd4 b6 14. e4 e5 15. exd5 Bb7 16. Qxg4
1-0

[Event "10 Little Indians"]
[Site "SchemingMind.com"]
[Date "2005.11.25"]
[Round "-"]
[White "Andoni Zabala"]
[Black "Ashmaster"]
[Result "1-0"]
[WhiteCountry "INT"]
[BlackCountry "IRL"]
[WhiteElo "1682"]
[WhiteRD "77"]
[BlackElo "1527"]
[BlackRD "59"]
[GameID "31255"]

1. Nf3 d5 2. g3 Nf6 3. Bg2 Bf5 4. d3 c5 5. O-O Nc6 6. Nbd2 e6 7. e4 dxe4 8. dxe4 Nxe4 9. Re1 Nxd2 10. Bxd2 Be7
11. Bf4 Qxd1 12. Rexd1 Bxc2 13. Rd2 Be4 14. Ne5 Bxg2 15. Kxg2 Nxe5 16. Bxe5 O-O 17. Rd7 f6 18. Rxe7 fxe5 19. Rxb7 Rf7 20. Rb5 Rc8
21. Re1 Rf5 22. b3 Rc6 23. h4 Kf7 24. g4 Rf4 25. Rxe5 Rxg4+ 26. Kh3 Rf4 27. Kg3 Rf5 28. Rxf5+ exf5 29. Rb7+ Kf6 30. Rxa7 c4
31. bxc4 Rxc4 32. a4 Rc3+ 33. Kf4 Rc4+ 34. Kg3 h6 35. a5 g5 36. hxg5+ hxg5 37. Ra8 Ra4 38. a6 Ke7 39. a7 Ra3+ 40. Kg2 g4
41. f3 gxf3+ 42. Kf2 Kd7 43. Rf8 Rxa7 44. Rf7+ Ke6 45. Rxa7 Ke5 46. Kxf3 Kf6 47. Kf4 Kg6 48. Ra6+ Kf7 49. Kxf5 Ke7 50. Rh6 Kd7
51. Ke5 Kc7 52. Kd5 Kd7 53. Rh7+ Ke8 54. Kd6
1-0

[Event "10 Little Indians"]
[Site "SchemingMind.com"]
[Date "2005.11.25"]
[Round "-"]
[White "Andoni Zabala"]
[Black "klesley"]
[Result "1/2-1/2"]
[WhiteCountry "INT"]
[BlackCountry "USA"]
[WhiteElo "1636"]
[WhiteRD "79"]
[BlackElo "1731"]
[BlackRD "98"]
[GameID "31256"]

1. Nf3 d5 2. g3 c6 3. Bg2 Nf6 4. O-O Bf5 5. d3 e6 6. Nbd2 Bd6 7. Re1 Bg4 8. h3 Bxf3 9. exf3 O-O 10. c4 Bb4
11. a3 Bxd2 12. Bxd2 Nbd7 13. b4 c5 14. b5 a6 15. a4 dxc4 16. dxc4 Nb6 17. Qc2 Qd4 18. Be3 Qxc4 19. Qxc4 Nxc4 20. Bxc5 Rfc8
21. Bd4 Nd5 22. bxa6 Rxa6 23. f4 Rd8 24. Bxd5 Rxd5 25. Be3 h6 26. Reb1 b5 27. axb5 Rxa1 28. Rxa1 Rxb5 29. Ra8+= Kh7 30. Ra7 f6
31. Kg2 e5 32. Kf3 exf4 33. Bxf4 Ne5+ 34. Bxe5 Rxe5 35. h4= Rf5+ 36. Ke3 h5 37. Re7 Kh6 38. f3 Rb5=
1/2-1/2

[Event "10 Little Indians"]
[Site "SchemingMind.com"]
[Date "2005.11.30"]
[Round "-"]
[White "Andoni Zabala"]
[Black "toguints"]
[Result "1-0"]
[WhiteCountry "INT"]
[BlackCountry "PHI"]
[WhiteElo "1636"]
[WhiteRD "79"]
[BlackElo "1439"]
[BlackRD "73"]
[GameID "31257"]

1. Nf3 d5 2. g3 e6 3. Bg2 Nf6 4. O-O Nc6 5. d3 Be7 6. Nbd2 O-O 7. e4 Bc5 8. c3 Ng4 9. d4 Bd6 10. e5 Be7
11. Nb3 b6 12. h3 Nh6 13. Bxh6 gxh6 14. Nh2 f5 15. exf6 Bxf6 16. Ng4 Ba6 17. Re1 Bc8 18. Nxh6+ Kg7 19. Ng4 e5 20. Nxf6 Qxf6
21. dxe5 Qxf2+ 22. Kh2 Rf5 23. Qg4+ Kh6 24. Nd4 Rxe5 25. Qf4+ Qxf4 26. gxf4 Rxe1 27. Rxe1 Na5 28. Bxd5 Bb7 29. Re6+ Kh5 30. Re5+ Kh4
31. Nf3#
1-0

[Event "10 Little Indians"]
[Site "SchemingMind.com"]
[Date "2005.11.26"]
[Round "-"]
[White "Andoni Zabala"]
[Black "Alien"]
[Result "1-0"]
[WhiteCountry "INT"]
[BlackCountry "USA"]
[WhiteElo "1682"]
[WhiteRD "77"]
[BlackElo "1103"]
[BlackRD "94"]
[GameID "31258"]

1. Nf3 d5 2. g3 Nc6 3. Bg2 Bg4 4. O-O e5 5. d3 Nf6 6. Nbd2 Bc5 7. e4 O-O 8. h3 dxe4 9. dxe4 Bh5 10. Re1 Nd4
11. g4 Bg6 12. Nxe5 Ne6 13. Nxg6 fxg6 14. Nb3 Qxd1 15. Rxd1 Rad8 16. Bd2
1-0

[Event "10 Little Indians"]
[Site "SchemingMind.com"]
[Date "2005.11.26"]
[Round "-"]
[White "antje"]
[Black "Andoni Zabala"]
[Result "0-1"]
[WhiteCountry "GER"]
[BlackCountry "INT"]
[WhiteElo "1234"]
[WhiteRD "78"]
[BlackElo "1682"]
[BlackRD "77"]
[GameID "31259"]

1. Nf3 d5 2. g3 Nf6 3. Bg2 g6 4. O-O Bg7 5. Nc3 O-O 6. d3 c5 7. Bf4 a6 8. Re1 Nc6 9. Nd2 b5 10. e4 dxe4
11. Ncxe4 Nxe4 12. Bxe4 Bb7 13. Nb3 Na5 14. Nxa5 Bxe4 15. Rxe4 Qxa5 16. c3 e6 17. a3 Rad8 18. Qc2 Rfe8 19. Rae1 Qb6 20. b4 cxb4
0-1

[Event "10 Little Indians"]
[Site "SchemingMind.com"]
[Date "2005.11.26"]
[Round "-"]
[White "Ashmaster"]
[Black "Andoni Zabala"]
[Result "1/2-1/2"]
[WhiteCountry "IRL"]
[BlackCountry "INT"]
[WhiteElo "1399"]
[WhiteRD "65"]
[BlackElo "1551"]
[BlackRD "85"]
[GameID "31260"]

1. Nf3 d5 2. g3 Nf6 3. Bg2 Bf5 4. d4 c6 5. Bg5 Nbd7 6. c3 e6 7. Nbd2 Be7 8. O-O O-O 9. Re1 Ne4 10. Bxe7 Qxe7
11. Nxe4 Bxe4 12. Nd2 Bxg2 13. Kxg2 c5 14. dxc5 Nxc5 15. Nb3 b6 16. Nxc5 bxc5 17. e3 Rfd8 18. Qd3 Qb7 19. Qe2 Rab8 20. b3 a5
21. Rab1 d4+ 22. Kg1 d3 23. Qd2 e5 24. Red1 e4 25. c4 Qb4 26. Qxb4 axb4 27. Rd2 Rd7 28. Rbb2=
1/2-1/2

[Event "10 Little Indians"]
[Site "SchemingMind.com"]
[Date "2005.11.26"]
[Round "-"]
[White "klesley"]
[Black "Andoni Zabala"]
[Result "0-1"]
[WhiteCountry "USA"]
[BlackCountry "INT"]
[WhiteElo "1731"]
[WhiteRD "98"]
[BlackElo "1636"]
[BlackRD "79"]
[GameID "31261"]

1. Nf3 d5 2. g3 Nf6 3. c4 g6 4. Bg2 Bg7 5. d4 O-O 6. O-O c6 7. cxd5 Nxd5 8. e4 Nb6 9. Nc3 N8d7 10. Be3 Nc4
11. Qe2 Nxe3 12. Qxe3 Nb6 13. Rad1 Qc7 14. e5 Nd5 15. Nxd5 cxd5 16. Rc1 Qa5 17. a3 Qb5 18. b4 b6 19. Qb3 Bd7 20. Nd2 e6
21. Ra1 Rfc8 22. Rfe1 a5 23. Bf1 Qc6 24. bxa5 bxa5 25. a4 Rab8 26. Bb5 Qb7 27. Bxd7 Qxd7 28. Qa3 Rb4 29. Reb1 Bf8 30. Rxb4 Bxb4
31. Qb2 Bc3 32. Qb1 Bxd2 33. Qb2 Bc3 34. Qa2 Bxa1 35. Qxa1 Rc4 36. Kg2 Rxa4 37. Qc3 Qe7 38. h4 Ra3 39. Qc8+ Kg7 40. Qa6 a4
0-1

[Event "10 Little Indians"]
[Site "SchemingMind.com"]
[Date "2005.11.26"]
[Round "-"]
[White "toguints"]
[Black "Andoni Zabala"]
[Result "0-1"]
[WhiteCountry "PHI"]
[BlackCountry "INT"]
[WhiteElo "1439"]
[WhiteRD "73"]
[BlackElo "1636"]
[BlackRD "79"]
[GameID "31262"]

1. Nf3 d5 2. g3 Nf6 3. Nc3 c6 4. d4 Bf5 5. Nh4 Bg6 6. Bf4 Nbd7 7. e3 Nh5 8. Ne2 Nxf4 9. Nxf4 e5 10. dxe5 Nxe5
11. Nhxg6 hxg6 12. Bg2 Bd6 13. Qd4 Qb6 14. Qxb6 axb6 15. e4 g5 16. Nh5 Rxh5 17. O-O-O Rxa2 18. exd5 g4 19. dxc6 Ra1+ 20. Kd2 Rxd1+
21. Kxd1 bxc6 22. Re1 Kd7 23. b3 Nf3 24. Bxf3 gxf3 25. h4 g5 26. hxg5 Rxg5 27. Re3 Rf5 28. g4 Rf4 29. c4 Bc5 30. Re1 Rxg4
31. Kc2 Rg2 32. Rd1+ Kc7 33. Rd3 Rxf2+ 34. Kd1 Rf1+ 35. Kc2 f2 36. Kd2 Ra1
0-1

[Event "10 Little Indians"]
[Site "SchemingMind.com"]
[Date "2005.11.26"]
[Round "-"]
[White "Alien"]
[Black "Andoni Zabala"]
[Result "0-1"]
[WhiteCountry "USA"]
[BlackCountry "INT"]
[WhiteElo "1103"]
[WhiteRD "94"]
[BlackElo "1682"]
[BlackRD "77"]
[GameID "31263"]

1. Nf3 d5 2. g3 Nf6 3. Bg2 Bf5 4. d3 e6 5. O-O Be7 6. Nbd2 O-O 7. c3 Nbd7 8. e4 dxe4 9. dxe4 Nxe4 10. Nxe4 Bxe4
11. Qe2 Nf6 12. Bf4 c5 13. Nd2 Bd3 14. Qd1 Bxf1 15. Nxf1 Nd5
0-1

[Event "10 Little Indians"]
[Site "SchemingMind.com"]
[Date "2005.11.27"]
[Round "-"]
[White "olivsan"]
[Black "antje"]
[Result "0-1"]
[WhiteCountry "BRA"]
[BlackCountry "GER"]
[WhiteElo "1361"]
[WhiteRD "90"]
[BlackElo "1223"]
[BlackRD "77"]
[GameID "31273"]

1. Nf3 d5 2. g3 Bg4 3. d4 Nf6 4. Nc3 e6 5. Bf4 Bb4 6. a3 Ba5 7. b4 Bb6 8. Qd3 O-O 9. Ng5 Bf5 10. Qd2 Nbd7
11. h3 a6 12. Bg2 h6 13. Nf3 Nh5 14. g4 Nxf4 15. Qxf4 Bh7 16. O-O Nf6 17. g5 hxg5 18. Qe5 Nd7 19. Qe3 Nf6 20. Ne5 Bxc2
21. Qxg5 Bxd4 22. Rac1 Bb3 23. e3 Bxe5 24. Qxe5 Bc4 25. Rfd1 Nd7 26. Qh5 Nf6 27. Qe5 Rc8 28. Rd4 c5 29. bxc5 Rxc5 30. e4 Qc8
31. exd5 exd5 32. Nxd5 Nxd5 33. Rg4 Nf6 34. Qxf6 Qxg4 35. Qe7 Qc8 36. Qh4 Bb5 37. Rxc5 Qxc5 38. Be4 Qc1+ 39. Kg2 Qh6 40. Qxh6 gxh6
41. Bxb7 Rd8 42. a4= Bc4 43. Bc6 Bd5+ 44. Bxd5 Rxd5 45. f3 Rd2+ 46. Kg3 Ra2
0-1